Toutes les communes de Creuse - Statistiques

Statistiques générales
  • Ce quiz a été pris 69 fois
    68 depuis la dernière actualisation
  • Le résultat moyen est 51 sur 256
Statistiques - réponses
Commune % Correct
Guéret
100%
La Souterraine
83%
Aubusson
78%
Ahun
58%
Bourganeuf
53%
Boussac
53%
Felletin
50%
Crocq
48%
Gouzon
48%
Dun-le-Palestel
45%
Sainte-Feyre
45%
Saint-Vaury
45%
Auzances
43%
Bonnat
43%
Évaux-les-Bains
43%
Saint-Sulpice-le-Guérétois
43%
Chambon-sur-Voueize
40%
Lavaveix-les-Mines
40%
Jarnages
38%
Le Grand-Bourg
38%
Pontarion
38%
Ajain
35%
Bénévent-l'Abbaye
35%
Chénérailles
35%
La Courtine
35%
Les Mars
35%
Mérinchal
35%
Saint-Fiel
35%
Crozant
33%
Royère-de-Vassivière
33%
Anzême
30%
Bussière-Dunoise
30%
Moutier-d'Ahun
30%
Champagnat
28%
Faux-la-Montagne
28%
Flayat
28%
Gentioux-Pigerolles
28%
Noth
28%
Rougnat
28%
Saint-Georges-la-Pouge
28%
Saint-Laurent
28%
Saint-Maurice-la-Souterraine
28%
Saint-Priest
28%
Saint-Sébastien
28%
Bellegarde-en-Marche
25%
Châtelus-Malvaleix
25%
Chéniers
25%
Fursac
25%
Janaillat
25%
La Saunière
25%
Lupersat
25%
Marsac
25%
Naillat
25%
Pionnat
25%
Saint-Avit-de-Tardes
25%
Sous-Parsat
25%
Toulx-Sainte-Croix
25%
Boussac-Bourg
23%
Budelière
23%
Croze
23%
Dontreix
23%
Féniers
23%
Fontanières
23%
Gioux
23%
Jouillat
23%
La Celle-Dunoise
23%
La Pouge
23%
Lussat
23%
Peyrabout
23%
Saint-Agnant-de-Versillat
23%
Saint-Amand
23%
Saint-Loup
23%
Saint-Priest-la-Feuille
23%
Sardent
23%
Savennes
23%
Tardes
23%
Thauron
23%
Vallière
23%
Azerables
20%
Blessac
20%
Genouillac
20%
Glénic
20%
Ladapeyre
20%
La Nouaille
20%
La Villeneuve
20%
Lépaud
20%
Lioux-les-Monges
20%
Magnat-l'Étrange
20%
Mainsat
20%
Mautes
20%
Montaigut-le-Blanc
20%
Moutier-Rozeille
20%
Néoux
20%
Nouhant
20%
Roches
20%
Saint-Léger-le-Guérétois
20%
Saint-Marc-à-Loubaud
20%
Saint-Martin-Sainte-Catherine
20%
Saint-Quentin-la-Chabanne
20%
Saint-Sulpice-le-Dunois
20%
Saint-Sulpice-les-Champs
20%
Sannat
20%
Arrènes
18%
Aulon
18%
Banize
18%
Bétête
18%
Chambonchard
18%
Champsanglard
18%
Chard
18%
Cressat
18%
Fleurat
18%
Fresselines
18%
Gartempe
18%
Issoudun-Létrieix
18%
Lavaufranche
18%
La Villetelle
18%
Le Compas
18%
Le Mas-d'Artige
18%
Malleret
18%
Montboucher
18%
Nouzerolles
18%
Parsac-Rimondeix
18%
Peyrat-la-Nonière
18%
Reterre
18%
Saint-Agnant-près-Crocq
18%
Saint-Alpinien
18%
Saint-Dizier-la-Tour
18%
Saint-Dizier-Masbaraud
18%
Sainte-Feyre-la-Montagne
18%
Saint-Georges-Nigremont
18%
Saint-Goussaud
18%
Saint-Maixant
18%
Saint-Yrieix-la-Montagne
18%
Sermur
18%
Viersat
18%
Alleyrat
15%
Arfeuille-Châtain
15%
Ars
15%
Auge
15%
Auriat
15%
Basville
15%
Bazelat
15%
Bord-Saint-Georges
15%
Bosmoreau-les-Mines
15%
Bussière-Nouvelle
15%
Chambon-Sainte-Croix
15%
Chamborand
15%
Châtelus-le-Marcheix
15%
Chavanat
15%
Clairavaux
15%
Clugnat
15%
Colondannes
15%
Domeyrot
15%
Faux-Mazuras
15%
La Brionne
15%
La Cellette
15%
La Villedieu
15%
Le Bourg-d'Hem
15%
Maison-Feyne
15%
Maisonnisses
15%
Mansat-la-Courrière
15%
Mourioux-Vieilleville
15%
Moutier-Malcard
15%
Nouzerines
15%
Puy-Malsignat
15%
Saint-Bard
15%
Saint-Christophe
15%
Saint-Dizier-les-Domaines
15%
Saint-Domet
15%
Saint-Hilaire-la-Plaine
15%
Saint-Hilaire-le-Château
15%
Saint-Julien-la-Genête
15%
Saint-Junien-la-Bregère
15%
Saint-Marc-à-Frongier
15%
Saint-Médard-la-Rochette
15%
Saint-Merd-la-Breuille
15%
Saint-Oradoux-de-Chirouze
15%
Saint-Oradoux-près-Crocq
15%
Saint-Priest-la-Plaine
15%
Saint-Silvain-Bellegarde
15%
Saint-Silvain-sous-Toulx
15%
Soubrebost
15%
Soumans
15%
Vareilles
15%
Verneiges
15%
Augères
13%
Azat-Châtenet
13%
Blaudeix
13%
Brousse
13%
Bussière-Saint-Georges
13%
Charron
13%
La Chapelle-Baloue
13%
La Chapelle-Taillefert
13%
Le Chauchet
13%
Le Donzeil
13%
Le Monteil-au-Vicomte
13%
Lépinas
13%
Lizières
13%
Malleret-Boussac
13%
Méasnes
13%
Nouziers
13%
Pierrefitte
13%
Poussanges
13%
Sagnat
13%
Saint-Chabrais
13%
Saint-Éloi
13%
Saint-Frion
13%
Saint-Léger-Bridereix
13%
Saint-Marien
13%
Saint-Martial-le-Mont
13%
Saint-Maurice-près-Crocq
13%
Saint-Michel-de-Veisse
13%
Saint-Pardoux-les-Cards
13%
Saint-Pardoux-Morterolles
13%
Saint-Pierre-Bellevue
13%
Saint-Pierre-Chérignat
13%
Saint-Silvain-Montaigut
13%
Saint-Victor-en-Marche
13%
Saint-Yrieix-les-Bois
13%
Vidaillat
13%
Vigeville
13%
Villard
13%
Beissat
10%
Châtelard
10%
Fransèches
10%
La Celle-sous-Gouzon
10%
La Chapelle-Saint-Martial
10%
La Chaussade
10%
Lafat
10%
La Serre-Bussière-Vieille
10%
Leyrat
10%
Lourdoueix-Saint-Pierre
10%
Mazeirat
10%
Saint-Avit-le-Pauvre
10%
Saint-Germain-Beaupré
10%
Saint-Martial-le-Vieux
10%
Saint-Moreil
10%
Saint-Silvain-Bas-le-Roc
10%
Tercillat
10%
Bosroger
8%
Ceyroux
8%
Chamberaud
8%
Jalesches
8%
La Forêt-du-Temple
8%
La Mazière-aux-Bons-Hommes
8%
Linard-Malval
8%
Mortroux
8%
Pontcharraud
8%
Saint-Amand-Jartoudeix
8%
Saint-Julien-le-Châtel
8%
Saint-Pardoux-d'Arnet
8%
Saint-Pardoux-le-Neuf
8%
Saint-Pierre-le-Bost
8%
Saint-Priest-Palus
8%
Trois-Fonds
8%
Saint-Martin-Château
5%
Aucun quiz correspondant
Distribution des résultats
% des personnes avec chaque résultat
Percentile par nombre de réponses
Votre historique - résultats
Vous n’avez pas pris ce quiz depuis la dernière actualisation